000
00455nam a2200145Ia 4500
008
100204s9999 xx 000 0 und d
082
_b
12106
100
_a
आशू रावजी / दिनू कानडे
245
_a
कालिंदी
260
_b
"डॉल्फिन लायब्ररी, गोवा"
_c
1988
300
_a
189
630
_a
कालिंदी
730
_a
कालिंदी
942
_c
BOOK
999
_c
456540
_d
456537